000 01270nam a2200337 c 4500
003 BLK
005 20221219165533.0
008 180413b bul|||||r ||||||| ||bul||
010 _aKNG00023088000
020 _a954-676-042-0
_bиздат.: Богианна
040 _aBLK
041 _aBUL
_cBUL
080 _aБългарска литература
_b821.163.2
_x-32
_z821.163.2-32
080 _aБългарска литература
_b821.163.2
_x-7
_z821.163.2-7
100 1 _aБогданов, Пею
_eпърви автор
_gПеев, Пею Богданов
_9245564
700 1 _aПеев, Пею Богданов
_9265161
139 _aБогданов, Пею
_bБ 54
245 1 0 _aИзвън борда
_bРазкази и фейлетони
_cПею Богданов; Пею Богданов Пеев.
257 _aBGR
260 София
_bБогианна
_c1998
300 _a47 с.
_c21 см
380 _aX
500 _aПълното име на авт. Пею Богданов Пеев. - 1 000 тир.
653 _aразкази
653 _aфейлетони
852 _aЦб 197477
856 4 _qpdf
_u
856 4 _qpdf
_u
942 _cKNG
_n0
_01
944 _aCR
_c15.01.2003
_lф /
_kЛюдмила_Стоянова
944 _aED
_c07.08.2014
_lф /
_k
999 _c20840
_d20840